Los Horizontes de la razón : (Record no. 52026)

MARC details
000 -LEADER
fixed length control field 00896nam a22002417a 4500
005 - DATE AND TIME OF LATEST TRANSACTION
control field 20240108115220.0
008 - FIXED-LENGTH DATA ELEMENTS--GENERAL INFORMATION
fixed length control field 140521t sp||||| |||| 00| 0 spa d
020 ## - INTERNATIONAL STANDARD BOOK NUMBER
International Standard Book Number 8476583540 t.1
020 ## - INTERNATIONAL STANDARD BOOK NUMBER
International Standard Book Number 8476583532 oc
050 04 - LIBRARY OF CONGRESS CALL NUMBER
Classification number BD175
Item number Z45 1992
100 1# - MAIN ENTRY--PERSONAL NAME
Personal name Zemelman Merino, Hugo,
Dates associated with a name 1931-
245 14 - TITLE STATEMENT
Title Los Horizontes de la razón :
Remainder of title Uso critico de la teoría /
Statement of responsibility, etc Hugo Zemelman Merino ; vers. prep. por Emma León.
250 ## - EDITION STATEMENT
Edition statement 1a ed.
260 ## - PUBLICATION, DISTRIBUTION, ETC. (IMPRINT)
Place of publication, distribution, etc Barcelona :
Name of publisher, distributor, etc El Colegio de México,
Date of publication, distribution, etc 1992.
300 ## - PHYSICAL DESCRIPTION
Extent v. ;
Dimensions 20 cm.
490 0# - SERIES STATEMENT
Series statement Autores, Textos y Temas. Ciencias Sociales ;
Volume number/sequential designation 2
505 ## - FORMATTED CONTENTS NOTE
Title V. 1. Dialéctica y apropiación del presente : las funciones de la totalidad.
505 ## - FORMATTED CONTENTS NOTE
Title V. 2. Historia y necesidad de utopía.
650 #7 - SUBJECT ADDED ENTRY--TOPICAL TERM
Source of heading or term Lemb
Topical term or geographic name as entry element Teoría del Conocimiento
General subdivision Sociología
650 #7 - SUBJECT ADDED ENTRY--TOPICAL TERM
Source of heading or term Lemb
Topical term or geographic name as entry element Metodología
650 #7 - SUBJECT ADDED ENTRY--TOPICAL TERM
Source of heading or term Lemb
Topical term or geographic name as entry element Teoría Critica
942 ## - ADDED ENTRY ELEMENTS (KOHA)
Source of classification or shelving scheme Biblioteca del Cogreso de los Estados Unidos
Koha item type Libro
Holdings
Estado de pérdida Fuente de clasificación Estado del daño No para préstamo Ubicación permanente Ubicación actual Apartado o colección Fecha de adquisición Área del conocimiento Clasificación Código de Barras Date last seen Número de copia Tipo de recurso Fuente de adquisición Edición Dependencia de educación superior (DES) Total Checkouts Costo por reposición
  Biblioteca del Cogreso de los Estados Unidos     Biblioteca de la Facultad de Filosofía Biblioteca de la Facultad de Filosofía General 21/05/2014   BD175 Z45 1992 BFF000006290 16/01/2015 C:1 V.1 Libro          
  Biblioteca del Cogreso de los Estados Unidos     Biblioteca de la Facultad de Filosofía Biblioteca de la Facultad de Filosofía General 21/05/2014   BD175 Z45 1992 BFF000006291 16/01/2015 C:2 V.1 Libro          
  Biblioteca del Cogreso de los Estados Unidos     Biblioteca de la Facultad de Filosofía Biblioteca de la Facultad de Filosofía General 21/05/2014   BD175 Z45 1992 BFF000006292 16/01/2015 C:3 V.1 Libro          
  Biblioteca del Cogreso de los Estados Unidos     Biblioteca de la Facultad de Filosofía Biblioteca de la Facultad de Filosofía General 21/05/2014   BD175 Z45 1992 BFF000006293 16/01/2015 C:1 V.2 Libro          
  Biblioteca del Cogreso de los Estados Unidos     Biblioteca de la Facultad de Filosofía Biblioteca de la Facultad de Filosofía General 21/05/2014   BD175 Z45 1992 BFF000006294 16/01/2015 C:2 V.2 Libro          
  Biblioteca del Cogreso de los Estados Unidos     Biblioteca de la Facultad de Filosofía Biblioteca de la Facultad de Filosofía General 21/05/2014   BD175 Z45 1992 BFF000006295 16/01/2015 C:3 V.2 Libro          
  Biblioteca del Cogreso de los Estados Unidos     Biblioteca de la Facultad de Filosofía Biblioteca de la Facultad de Filosofía General 16/10/2023 Educación y Humanidades BD175 Z45 1992 BFF000040397 16/10/2023 C:4 V.1 Libro Donación 1a ed. Humanidades   1.00